| 000 | 00447nam a22001577a 4500 | ||
|---|---|---|---|
| 003 | macl | ||
| 005 | 20230430130719.0 | ||
| 008 | 230430b |||||||| |||| 00| 0 eng d | ||
| 040 | _cmacl | ||
| 082 | _a741.642 | ||
| 100 |
_aजगतराम आर्य _919974 |
||
| 245 | _aरोचक कथाऍं | ||
| 260 |
_aदिल्ली _bकिताब घर _c2000 |
||
| 650 | _aचिल्ड्रन बुक | ||
| 942 |
_2ddc _cHIN |
||
| 999 |
_c66092 _d66092 |
||